000 01452nam a2200265 i 4500
001 152920
003 ES-MaACL
005 20230906204929.0
008 931025s1781 sp |||| | spa d
100 1 _aCadalso, José (
_d1741-1782)
_933373
245 1 4 _aLos eruditos a la violeta, o Curso completo de todas las ciencias
_b: dividido en siete lecciones para los siete dias de la semana : con el Suplemento de este /
_ccompuesto por D. Joseph Vazquez ... ; y una junta que en casa de don Santos Celis tubieron ciertos eruditos a la violeta y parecer que sobre dicho papel ha dado él mismo a don Manuel Noriega...
246 3 0 _aCurso completo de todas las ciencias
_b: dividido en siete lecciones para los siete dias de la semana
260 _aMadrid :
_bpor D. Isidoro de Hernandez Pacheco,
_c1781.
300 _a156 p. ;
_c4º.
530 _aDisponible en formato digital.
594 _aJoseph Vazquez es seudónimo de José Cadalso, el autor.
595 _aExiste una ed. casi idéntica, pero con diferencias tipográficas y de composición.
596 _aColofón.
597 _aSign.: A-T4, V2.
597 _aPort. con grab calc: "G. Schouten, inv. et efec."
650 0 4 _aLiteratura española-
_yS.XVIII.
_914573
700 1 _aHernández Pacheco, Isidoro.
_9127902
852 _aES-MaACL
_jR-1173(1)
_z- Enc. piel
_x- Olim: G-11036
856 _uhttp://bdh-rd.bne.es/viewer.vm?id=0000095080&page=1
_zBiblioteca Digital Hispánica
999 _c152920
_d152920